| 000 | 02303nam0a2200421 4500 | ||
|---|---|---|---|
| 001 | RU\NLR\bibl\256002 | ||
| 005 | 20260407073440.0 | ||
| 010 |
_a5-8126-0025-2 _91000 |
||
| 021 |
_aRU _b2001-61070 _92979 |
||
| 035 | _a(NLR Aleph) 000251753 | ||
| 090 |
_a1469098 _c1469098 |
||
| 100 | _a20020419d2001 |||y0rusy50 ca | ||
| 101 | 0 | _arus | |
| 102 | _aRU | ||
| 105 | _ay ||||||||| | ||
| 200 | 1 |
_aПроблемы устойчивого развития общества глазами молодежи _eНа пути к Всемир. саммиту "Рио+10" [Йоханнесбург (ЮАР), 2002 г.] _eМеждунар. науч.-практ. форум молодых ученых, 15-16 нояб. 2001 г., Москва _eДокл. и тез. _f[Сост. Ревякин А. И. _gРед. Степанов К. А.] |
|
| 210 |
_aМ. _cНоосфера _d2001 |
||
| 215 |
_a190 с. _d21 |
||
| 300 | _aВ надзаг.: Неправительств. экол. фонд им. В. И. Вернадского, Ассоц. стипендиатов Фонда им. В. И. Вернадского | ||
| 300 | _aЧасть текста англ. | ||
| 320 | _aБиблиогр. в конце докл. | ||
| 606 | 0 |
_aЭкономика _jСборники _91414491 _3RU\NLR\auth\66284709 |
|
| 606 | 0 |
_aЭкология _jСборники _9939347 _3RU\NLR\auth\6628592 |
|
| 675 |
_a082 _v3 _zrus |
||
| 686 |
_a94 _2rubbk |
||
| 686 | _aУ.я43 | ||
| 686 | _aУ28(0)я43 | ||
| 702 | 1 |
_aРевякин _bА. И. _gАлександр Иванович _4220 |
|
| 702 | 1 |
_aСтепанов _bК. А. _4340 |
|
| 711 | 1 | 2 |
_a"Проблемы устойчивого развития общества глазами молодых ученых", международный научно-практический форум _eМосква _f2001 _9573327 _3RU\NLR\AUTH\8810037304 |
| 712 | 0 | 2 |
_4570 _aНеправительственный экологический фонд им. В. И. Вернадского _bАссоциация стипендиатов _cМосква _9863554 _3RU\NLR\AUTH\880599315 |
| 801 | 0 |
_aRU _bRKP _c20020419 _gPSBO |
|
| 801 | 1 |
_aRU _bRKP _c20020419 |
|
| 801 | 2 |
_aRU _bNLR _c20020621 _grcr |
|
| 942 | _cBOOK | ||
| 980 | _aNB | ||